| 000 | 003320000a22000970004500 | ||
|---|---|---|---|
| 100 | 1 | _aKorpel, Marjo C.A. (1958-) | |
| 245 | 1 | 0 | _aStructural analysis as a tool for redaction cristicism : The example of Isaiah 5 and 10.1-6 |
| 300 | _aNúm 69 (1996), Páginas 53-71 | ||
| 773 | 0 | _tJournal for the Study of the Old Testament | |
| 942 | _cANA | ||
| 999 |
_c54633 _d54633 |
||